Anime of the Year (2024) - 11th Anime Trending Awards - Statistics

General Stats
  • This quiz has been taken 24 times
  • The average score is 4 of 17
Answer Stats
Hint Answer Season Source Studio Votes % % Correct
12 Solo Leveling 2024 Winter Web manga A-1 Pictures 4198 4.83%
85%
3 DAN DA DAN 2024 Fall Manga Science SARU 9749 11.22%
45%
5 The Apothecary Diaries 2023 Fall/ 2024 Winter Light novel Toho Animation Studio, OLM 6630 7.63%
45%
7 Re:ZERO -Starting Life in Another World- S3 2024 Fall Light novel WHITE FOX 5246 6.04%
35%
13 KONOSUBA -God's Blessing on this Wonderful World! S3 2024 Spring Light novel Drive 3064 3.53%
30%
15 Mushoku Tensei: Jobless Reincarnation S2 Part II 2024 Spring Light novel Studio Bind 2309 2.66%
30%
10 【OSHI NO KO】S2 2024 Summer Manga Doga Kobo 4208 4.84%
30%
10 Delicious in Dungeon 2024 Winter Manga TRIGGER 4208 4.84%
25%
1 Frieren: Beyond Journey's End 2023 Fall/ 2024 Winter Manga MADHOUSE 10280 11.83%
20%
2 The Dangers in My Heart S2 2024 Winter Manga Shin-Ei Animation 10098 11.62%
20%
17 Classroom of the Elite S3 2024 Winter Light novel Lerche 1389 1.60%
15%
4 Makeine: Too Many Losing Heroines! 2024 Summer Light novel A-1 Pictures 7163 8.24%
15%
16 Alya Sometimes Hides Her Feelings in Russian 2024 Summer Light novel Doga Kobo 1737 2.00%
10%
9 7th Time Loop: The Villainess Enjoys a Carefree Life Married to Her Worst Enemy! 2024 Winter Light novel Studio KAI,HORNETS 4282 4.93%
5%
14 Date A Live V 2024 Spring Light novel GEEKTOYS 2597 2.99%
5%
6 GIRLS BAND CRY 2024 Spring Original Toei Animation 5333 6.14%
5%
8 Days with my Stepsister 2024 Summer Light novel Studio DEEN 4412 5.08%
0%
No matching quizzes found
Score Distribution
Percent of People with Each Score
Percentile by Number Answered
Your Score History
You have not taken this quiz